ბათუმის შოთა რუსთაველის სახელმწიფო უნივერსიტეტის ბიბლიოთეკა

პარიზის ღვთისმშობლის ტაძარი : (ბიბ.ჩანაწერი № 40551)

000 -ლიდერი
ფიქსირებული სიგრძის საკონტროლო ველი 01132nam a2200253Ia 4500
001 - საკონტროლო ნომერი
საკონტროლო ველი 7163
003 - საკონტროლო ნომრის იდენტიფიკატორი
საკონტროლო ველი GE_BSU
005 - ბოლო ოპერაციის თარიღი და დრო
საკონტროლო ველი 20230831164726.0
008 - ფიქსირებული სიგრძის მონაცემთა ელემენტები - ზოგადი ინფორმაცია
ფიქსირებული სიგრძის საკონტროლო ველი 181216s||||||||xx |||||||||||||| ||und||
020 ## - წიგნის საერთაშორისო სტანდარტული ნომერი
International Standard Book Number 9789941162701.
040 ## - კატალოგიზაციის წყარო
Transcribing agency GE_BSU
080 ## - უნივერსალური ათობითი კლასიფიკაციის ინდექსი
Universal Decimal Classification number 821-133.1-31
100 ## - მთავარი ჩანაწერი - პიროვნების სახელი
Personal name ჰიუგო,ვიქტორ.
9 (RLIN) 5798
245 ## - ცნობა სათაურის შესახებ
Title პარიზის ღვთისმშობლის ტაძარი :
Remainder of title რომანი /
Statement of responsibility, etc ვიქტორ ჰიუგო ; ფრანგ.თარგმნა შალვა პაპუაშვილმა ; რედ. ლია ერისთავი.
264 ## - წარმოების, გამოცემის, დისტრიბუციის და სხვა ცნობები
გამოცემის, წარმოების, დისტრიბუციის... ადგილი თბილისი :
გამოცემის, წარმოების, დისტრიბუციის... სახელწოდება საქართველოს მაცნე,
გამოცემის, წარმოების, დისტრიბუციის... თარიღი [?].
300 ## - ფიზიკური აღწერა
Extent 590 გვ. ;
Dimensions 22 სმ.
300 ## - ფიზიკური აღწერა
Other physical details ილ.
653 ## - INDEX TERM--UNCONTROLLED
Uncontrolled term პარიზის ღვთისმშობლის ტაძარი
653 ## - INDEX TERM--UNCONTROLLED
Uncontrolled term რომანი
700 ## - ADDED ENTRY--PERSONAL NAME
Personal name პაპუაშვილი, შალვა
Relator term მთარგმნელი
9 (RLIN) 758
700 ## - ADDED ENTRY--PERSONAL NAME
Personal name ერისთავი, ლია
Relator term რედაქტორი
9 (RLIN) 3
942 ## - ADDED ENTRY ELEMENTS (KOHA)
Koha item type წიგნი
Source of classification or shelving scheme
ეგზემპლარები
ჩამოწერის სტატუსი დაკარგული ეგზემპლარის სტატუსი კლასიფიკაციის წყარო ან თაროზე გაწყობის სქემა დაზიანების სტატუსი არ გაიცემა მუდმივი მდებარეობა (დაცვის ადგილი) ამჟამინდელი ადგილსამყოფელი თაროზე განთავსების ადგილი შეძენის თარიღი ღირებულება, შესყიდვის ნორმალური ფასი სრული შენახვის შიფრი შტრიხკოდი ბოლო ოპერაციის თარიღი ეგზემპლარის მიმდევრობითი ნომერი (კეტერი?) ფასის ძალაში შესვლის თარიღი ეგზემპლარის სახეობა საჯარო შენიშვნა
          ბათუმის შოთა რუსთაველის სახელმწიფო უნივერსიტეტის მთავარი ბიბლიოთეკა ბათუმის შოთა რუსთაველის სახელმწიფო უნივერსიტეტის მთავარი ბიბლიოთეკა წიგნსაცავი 2018-12-17 10.00 821-133.1-31 22562 2018-12-17 22562 2018-12-17 წიგნი 10.00 ₾.
          ბათუმის შოთა რუსთაველის სახელმწიფო უნივერსიტეტის მთავარი ბიბლიოთეკა ბათუმის შოთა რუსთაველის სახელმწიფო უნივერსიტეტის მთავარი ბიბლიოთეკა წიგნსაცავი 2018-12-17 10.00 821-133.1-31 22563 2018-12-17 22563 2018-12-17 წიგნი 10.00 ₾.
          ბათუმის შოთა რუსთაველის სახელმწიფო უნივერსიტეტის მთავარი ბიბლიოთეკა ბათუმის შოთა რუსთაველის სახელმწიფო უნივერსიტეტის მთავარი ბიბლიოთეკა წიგნსაცავი 2018-12-17 10.00 821-133.1-31 22564 2018-12-17 22564 2018-12-17 წიგნი 10.00 ₾.